| 000 | 00936nam a2200277Ia 4500 | ||
|---|---|---|---|
| 003 | GCL | ||
| 005 | 20240530102945.0 | ||
| 008 | 140319s9999 xx 000 0 ara d | ||
| 040 |
_aGCL / _cGCL |
||
| 082 | 0 | 4 |
_a301.2956 _bم د |
| 100 | 1 | _aمحمد بديع شريف | |
| 245 | 1 | 0 |
_aدراسات تاريخية فى النهضة العربية الحديثة / _cمحمد بديع شريف |
| 260 |
_a[S.N] : _bدار اقرا للنشر والتوزيع والطباعة ، _c1984 |
||
| 300 | _a606 ص | ||
| 650 | 0 | 4 | _aمصر |
| 650 | 0 | 4 | _aالعالم العربى |
| 650 | 0 | 4 | _aالحضارة العربية الاسلامية - المعارف البحرية |
| 650 | 0 | 4 | _aسوريا |
| 650 | 0 | 4 | _aفلسطين |
| 650 | 0 | 4 | _aالسياسة |
| 650 | 0 | 4 | _aالاردن |
| 650 | 0 | 4 | _aالتاريخ العربى |
| 700 | 1 | _aاحمد زكى عبدالكريم | |
| 700 | 1 | _aزكى المحاسنى | |
| 942 |
_2ddc _cBK |
||
| 999 |
_c35680 _d35680 |
||